| 000 | 01117nam a22002177a 4500 | ||
|---|---|---|---|
| 942 | _cBK | ||
| 999 |
_c145 _d145 |
||
| 005 | 20250420134757.0 | ||
| 008 | 191121b ||||| |||| 00| 0 eng d | ||
| 020 | _a9780998587516 | ||
| 040 | _cKCST | ||
| 082 |
_a378.125 _bEn Te |
||
| 100 |
_aEng, Norman _9566 |
||
| 245 |
_aTeaching college : _b the ultimate guide to lecturing, presenting, and engaging students / _cNorman Eng |
||
| 260 |
_a[New York] : _bNorman Eng, _c[2017] ©2017 |
||
| 300 |
_a304 pages : illustrations ; _c23 cm |
||
| 505 | _aPart 1: Lay the groundwork -- Understand the common problems when lecturing -- Focus on the student, not the content -- Adopt an active approach -- Part 2: Plan your lesson -- Start with your syllabus -- Develop your topic -- "Touch" your audience -- Craft the lesson -- Part 3: Execute and optimize -- Use slides as support -- Optimize discussions and activities -- Part 4: Help students succeed -- Fix lingering issues -- Final thoughts. | ||
| 650 |
_aCollege teaching _xHandbooks, manuals, etc. _9567 |
||
| 650 |
_aEffective teaching. _9568 |
||
| 650 |
_aCollege teachers. _9569 |
||
| 942 | _2ddc | ||